00904cam a2200241 450000100060000000300080000600500170001400800370003103500190006804000230008704100080011008200270011810000580014524500740020326000690027730000280034650400300037465000270040471000560043194200120048799900170049995201460051628963BD-RjUL20211209051343.0140401m1967enk b 000 0 eng  a(BD-RjUL)29047 aDLCcDLCdDLCbeng aeng00a616.8917bGRT V-1 19671 aGreenson, Ralph R.q(Ralph Romeo),d1911-1979.98848914aThe technique and practice of psychoanalysisc[by] Ralph R. Greenson. aLondon :bHogarth P. and the Institute of Psycho-analysis,c1967 axv 452 p. :c23 1/2 cm. aBibliography: p. 413-432. 0aPsychoanalysis.9884912 aInstitute of Psycho-analysis (Great Britain)988492 2ddccBK c28963d28963 00102ddc40728NFICaRUCLbRUCLcReadingd1971-05-08eZeitlingerg84.00l0o616.8917 GRT V-1 1967r2014-04-01 00:00:00tC-1w2014-04-01yBK